Hedging pohybu úrokových sadzieb. 4
Náčrt ďalšej možnosti, ako sa zabezpečiť proti riziku pohybu úrokových sadzieb prostredníctvom úrokových opcií, tzv. Interest rate caps floors. Zabezpečenie proti vzostupu úrokových sadzieb nad určitú úroveň (cap rate). Príklad použitia tohto zabezpečovacieho nástroja.
Salvato in:
| Autore principale: | |
|---|---|
| Natura: | Capitolo di libro |
| Lingua: | slovacco |
| Soggetti: | |
| Tags: |
Nessun Tag, puoi essere il primo ad aggiungerne!!
|
MARC
| LEADER | 00000naa a2200000 4500 | ||
|---|---|---|---|
| 001 | r023271 | ||
| 005 | 20230824085451.9 | ||
| 041 | 0 | |a slo | |
| 044 | |a SK | ||
| 245 | 1 | 0 | |a Hedging pohybu úrokových sadzieb. 4 |c A. Glasová |
| 520 | |a Náčrt ďalšej možnosti, ako sa zabezpečiť proti riziku pohybu úrokových sadzieb prostredníctvom úrokových opcií, tzv. Interest rate caps floors. Zabezpečenie proti vzostupu úrokových sadzieb nad určitú úroveň (cap rate). Príklad použitia tohto zabezpečovacieho nástroja. | ||
| 610 | 2 | 0 | |a sadzby úrokové |
| 610 | 2 | 0 | |a riziko |
| 610 | 2 | 0 | |a opcie |
| 610 | 2 | 0 | |a úrok |
| 610 | 2 | 0 | |a hedging |
| 100 | 1 | |a Glasová, A. | |